<?xml version="1.0" encoding="UTF-8"?>
<record
    xmlns:xsi="http://www.w3.org/2001/XMLSchema-instance"
    xsi:schemaLocation="http://www.loc.gov/MARC21/slim http://www.loc.gov/standards/marcxml/schema/MARC21slim.xsd"
    xmlns="http://www.loc.gov/MARC21/slim">

  <leader>00790nam a22002417a 4500</leader>
  <controlfield tag="005">20231102151817.0</controlfield>
  <controlfield tag="008">150423t19842003mx ||||fr|||||||1 ||spa d</controlfield>
  <datafield tag="020" ind1=" " ind2=" ">
    <subfield code="a">9700745880</subfield>
  </datafield>
  <datafield tag="050" ind1="0" ind2="4">
    <subfield code="a">KGF5866</subfield>
    <subfield code="b">Z35 2003</subfield>
  </datafield>
  <datafield tag="100" ind1="1" ind2=" ">
    <subfield code="a">Zamora-Pierce, Jes&#xFA;s</subfield>
    <subfield code="e">autor</subfield>
    <subfield code="9">15940</subfield>
  </datafield>
  <datafield tag="245" ind1="1" ind2="0">
    <subfield code="a">Garant&#xED;as y proceso penal</subfield>
    <subfield code="c">Jes&#xFA;s Zamora-Pierce</subfield>
  </datafield>
  <datafield tag="250" ind1=" " ind2=" ">
    <subfield code="a">12a. edici&#xF3;n</subfield>
  </datafield>
  <datafield tag="260" ind1="3" ind2=" ">
    <subfield code="a">M&#xE9;xico</subfield>
    <subfield code="b"> :Porr&#xFA;a</subfield>
    <subfield code="c">,2003</subfield>
  </datafield>
  <datafield tag="300" ind1=" " ind2=" ">
    <subfield code="a">XXVII, 535 p&#xE1;ginas</subfield>
  </datafield>
  <datafield tag="336" ind1=" " ind2=" ">
    <subfield code="a">texto</subfield>
  </datafield>
  <datafield tag="337" ind1=" " ind2=" ">
    <subfield code="a">sin medio</subfield>
  </datafield>
  <datafield tag="338" ind1=" " ind2=" ">
    <subfield code="a">vol&#xFA;men</subfield>
  </datafield>
  <datafield tag="500" ind1=" " ind2=" ">
    <subfield code="a">Educaci&#xF3;n Mixta
Lic. en Derecho / Garant&#xED;as Individuales y Sociales (P05) / (13 002430)</subfield>
  </datafield>
  <datafield tag="650" ind1="1" ind2="0">
    <subfield code="x">PROCEDIMIENTO PENAL</subfield>
    <subfield code="9">2677</subfield>
  </datafield>
  <datafield tag="650" ind1="2" ind2="0">
    <subfield code="x">DERECHOS CIVILES</subfield>
    <subfield code="9">4522</subfield>
  </datafield>
  <datafield tag="942" ind1=" " ind2=" ">
    <subfield code="2">lcc</subfield>
    <subfield code="c">LB</subfield>
  </datafield>
  <datafield tag="952" ind1=" " ind2=" ">
    <subfield code="0">0</subfield>
    <subfield code="1">0</subfield>
    <subfield code="2">lcc</subfield>
    <subfield code="4">0</subfield>
    <subfield code="7">0</subfield>
    <subfield code="a">13</subfield>
    <subfield code="b">13</subfield>
    <subfield code="d">2015-04-23</subfield>
    <subfield code="l">0</subfield>
    <subfield code="o">KGF5866 Z35 2003</subfield>
    <subfield code="p">13 002430</subfield>
    <subfield code="r">2015-04-23</subfield>
    <subfield code="t">1</subfield>
    <subfield code="w">2015-04-23</subfield>
    <subfield code="y">LB</subfield>
  </datafield>
  <datafield tag="999" ind1=" " ind2=" ">
    <subfield code="c">96461</subfield>
    <subfield code="d">96461</subfield>
  </datafield>
</record>
